000 00267nam a2200121 i 4500
001 bg
245 0 0 _aTablicy po svetorassejaniju.
_nT.1.
260 _aLeningrad,
_c1966.
040 _cBPK
041 _apol
942 _cKS
008 s pl f |000 0 pol
999 _c12758
_d12758
856 _uhttp://koha.tu.koszalin.pl/cgi-bin/koha/opac-detail.pl?biblionumber=12758
_yKatalog online BPK